| 000 | 00890nam a2200217Ia 4500 | ||
|---|---|---|---|
| 999 |
_c5209 _d5209 |
||
| 003 | OSt | ||
| 005 | 20200415163859.0 | ||
| 008 | 191128s1970 sp gr 000 0 spa d | ||
| 040 |
_aCO-JMCR _cCO-JMCR |
||
| 041 | 0 | _aspa | |
| 082 | 0 | 4 |
_a323.34 / _bM177m _223 |
| 100 | 1 |
_aMarsá Vancells, Plutarco, _eautor _92986 |
|
| 245 | 1 | 3 |
_aLa mujer en el derecho político / _cPlutarco Marsá Vancells |
| 260 |
_aPamplona : _bUniversidad de Navarra, _c1970 |
||
| 300 |
_a494 páginas ; _c21 cm. |
||
| 490 | 0 |
_aJurídica ; _v43 |
|
| 505 | 0 | _aFinalidad de este trabajo -- La mujer en la doctrina -- Evolución legislativa de los derechos de la mujer -- Los derechos de la mujer en los organismos internacionales -- Los derechos de la mujer en los Estados nacionales -- Libros -- Revistas | |
| 650 | 1 | 4 |
_aDerechos de las mujeres _92987 |
| 650 | 1 | 4 |
_aMujeres _xderechos civiles _92988 |
| 942 |
_2ddc _cBK |
||